Essays on urban patterns in nineteenth century Himachal Pradesh (Record no. 391925)

000 -LEADER
fixed length control field 00560cam a22001697a 4500
008 - FIXED-LENGTH DATA ELEMENTS--GENERAL INFORMATION
fixed length control field 180718b1999 xxu||||| |||| 00| 0 eng d
020 ## - INTERNATIONAL STANDARD BOOK NUMBER
International Standard Book Number 818595268X
082 ## - DEWEY DECIMAL CLASSIFICATION NUMBER
Classification number B131x5432 K139
100 ## - MAIN ENTRY--PERSONAL NAME
Personal name Kanwar, Pamela
245 ## - TITLE STATEMENT
Title Essays on urban patterns in nineteenth century Himachal Pradesh
Statement of responsibility, etc. by Pamela Kanwar
260 ## - PUBLICATION, DISTRIBUTION, ETC.
Place of publication, distribution, etc. Shimla
Name of publisher, distributor, etc. Indian Institute of Advanced Study
Date of publication, distribution, etc. 1999
300 ## - PHYSICAL DESCRIPTION
Extent 137p.
650 ## - SUBJECT ADDED ENTRY--TOPICAL TERM
Topical term or geographic name entry element Social policy - Himachal Pradesh
650 ## - SUBJECT ADDED ENTRY--TOPICAL TERM
Topical term or geographic name entry element Urban policy - Himachal Pradesh
650 ## - SUBJECT ADDED ENTRY--TOPICAL TERM
Topical term or geographic name entry element Urban economics
650 ## - SUBJECT ADDED ENTRY--TOPICAL TERM
Topical term or geographic name entry element Urbanization - Himachal Pradesh
Holdings
Withdrawn status Lost status Damaged status Not for loan Permanent Location Current Location Date acquired Full call number Barcode Date last seen Price effective from Koha item type
        Indian Institute of Public Administration Indian Institute of Public Administration 2000-05-05 B131x5432 K139 75271 2018-07-21 2018-07-21 Book

Powered by Koha